000 00612nam a2200205Ia 4500
003 GCL
008 140319s9999 xx 000 0 ara d
040 _aGCL /
_cGCL
082 0 4 _a154.6
_bا ن
100 1 _aانور حمدى
245 1 0 _aالنوم: اسراره وخفاياه /
_cانور حمدى
300 _a413 ص
490 _aبحوث فى النوم والاحلام والتنويم المغناطي
_v0
650 0 4 _aالاحلام
650 0 4 _aعلم النفس الفسيولوجى
650 0 4 _aاللاشعور
650 0 4 _aالنوم
650 0 4 _aالكابوس
942 _2ddc
_cBK
999 _c49443
_d49443